| 000 | 00469nam a2200169Ia 4500 | ||
|---|---|---|---|
| 008 | 191127s9999 xx 000 0 und d | ||
| 100 | _aGurung, A.R. Regan | ||
| 245 | _aDon't cancel that meeting/ | ||
| 245 | _cRegan A.R. Gurung | ||
| 260 | _bSussex Publisher | ||
| 260 | _c2019 | ||
| 300 | _aPages 38-39, January/February 2019 | ||
| 440 |
_aPsychology Today: Escaping Depression _v51: 1 |
||
| 650 | _ameeting | ||
| 650 | _aRelationship | ||
| 650 | _asocial life | ||
| 999 |
_c362715 _d362715 |
||